000
00383nam a2200145Ia 4500
041
_a
Arabic
082
_a
320,063 cut-525 ع
100
_a
20260118u\\\\\\\\\\\y0engy0103\\\\ba
100
_a
سامي عصاصة
245
0
_a
وثائق حرب الخليج
250
_a
ط1
260
_b
بيسان للتوزيع
_a
بيروت - لبنان
_c
1994
300
_a
155
942
_c
Bk
999
_c
189583
_d
189583